Deutsche Lebensläufe in Autobiographien und Briefen /

Bibliographic Details
Main Author: Jens, Walter, 1923-2013
Other Authors: Thiersch, Hans
Format: Book
Language:German
Published: Weinheim : Juventa, 1987.
Subjects:

MARC

Tag First Indicator Second Indicator Subfields
LEADER 00000cam a2200000 a 4500
001 in00000036111
005 20151007055351.0
008 880421s1987 gw 00010cger d
020 |a 3779908034 
035 |a (OCoLC)17830884 
035 |9 AAB8048AM 
040 |a WAU  |c KUK  |d WAU  |d TXA  |d UtOrBLW 
043 |a e-gx--- 
049 |a TXAM  |c [A11074263] 
050 4 |a CT34.G3  |b J46 1987 
100 1 |a Jens, Walter,  |d 1923-2013. 
245 1 0 |a Deutsche Lebensläufe in Autobiographien und Briefen /  |c Walter Jens, Hans Thiersch. 
264 1 |a Weinheim :  |b Juventa,  |c 1987. 
300 |a 264 pages ;  |c 21 cm. 
336 |a text  |b txt  |2 rdacontent 
337 |a unmediated  |b n  |2 rdamedia 
338 |a volume  |b nc  |2 rdacarrier 
650 0 |a Autobiography. 
651 0 |a Germany  |v Biography. 
700 1 |a Thiersch, Hans. 
999 |a MARS 
999 f f |s cddddd7f-ff48-31a9-bc6b-87f559ba66a3  |i 9b95e3e9-4884-3f98-a3b7-763413a91f80  |t 0 
952 f f |p ric  |a Texas A&M University  |b Rellis Campus  |c Joint Library Facility  |d Remote Storage  |t 0  |e CT34.G3 J46 1987  |h Library of Congress classification  |i unmediated -- volume  |m A14811074263 
998 f f |a CT34.G3 J46 1987  |t 0  |l Remote Storage